000 00635nam a2200181 4500
008 171201b xxu||||| |||| 00| 0 eng d
020 _a013080780
082 _21999
_aDC 657.076
_bH78
100 _923788
_aHorngren, Charles T.,author.
245 _aAccounting :
_bchapter 1-13/
_cCharles T. Horngren,Walter T. harrison and Linda Smith Bamber.
250 _aFourth edition.
260 _aNew Jersey:
_bPrentice Hall, Upper Saddle River,
_c© 1999
300 _av,1014 pages ;
_c28 cm.
650 0 _923789
_aAccounting.
700 _923790
_aHarrison, Walter T.,author.
700 _923792
_aBamber, Linda Smith,author.
942 _2ddc
_cDC
999 _c7838
_d7838